2026 FIFA World Cup Country Nicknames - Statistics

General Stats
  • This quiz has been taken 10 times
    4 since last reset
  • The average score is 5 of 13
Answer Stats
Team Nickname % Correct
Mexico El Tri
75%
Brazil Seleção
75%
United States The Stars and Stripes
75%
New Zealand All Whites
50%
Australia Socceroos
50%
Argentina La Albiceleste
25%
Ecuador La Tri
25%
Canada Les Rouges
25%
Japan Samurai Blue
25%
South Korea Taegeuk Warriors
25%
Iran Team Melli
25%
Jordan The Chivalrous Ones
25%
Uzbekistan White Wolves
25%
No matching quizzes found
Score Distribution
Percent of People with Each Score
Percentile by Number Answered
Your Score History
You have not taken this quiz since the last reset